000 00295nam a22001337a 4500
008 170414b xxu||||| |||| 00| 0 eng d
020 _a9781581102703
041 _aeng
080 _26 ED
_a618
100 _a10
101 _aSHM
245 _aPERITANAL CARE
_cLOCKWOD.CH.J
942 _2udc
_cBK
999 _c10742
_d10742